<?xml version="1.0" encoding="UTF-8"?><?xml-stylesheet type="text/xsl" href="static/style.xsl"?><OAI-PMH xmlns="http://www.openarchives.org/OAI/2.0/" xmlns:xsi="http://www.w3.org/2001/XMLSchema-instance" xsi:schemaLocation="http://www.openarchives.org/OAI/2.0/ http://www.openarchives.org/OAI/2.0/OAI-PMH.xsd"><responseDate>2026-04-14T06:45:02Z</responseDate><request verb="GetRecord" identifier="oai:www.recercat.cat:10459.1/84031" metadataPrefix="marc">https://recercat.cat/oai/request</request><GetRecord><record><header><identifier>oai:recercat.cat:10459.1/84031</identifier><datestamp>2024-12-14T19:24:17Z</datestamp><setSpec>com_2072_3622</setSpec><setSpec>col_2072_479130</setSpec></header><metadata><record xmlns="http://www.loc.gov/MARC21/slim" xmlns:dcterms="http://purl.org/dc/terms/" xmlns:xsi="http://www.w3.org/2001/XMLSchema-instance" xmlns:doc="http://www.lyncode.com/xoai" xsi:schemaLocation="http://www.loc.gov/MARC21/slim http://www.loc.gov/standards/marcxml/schema/MARC21slim.xsd">
   <leader>00925njm 22002777a 4500</leader>
   <datafield ind2=" " ind1=" " tag="042">
      <subfield code="a">dc</subfield>
   </datafield>
   <datafield ind2=" " ind1=" " tag="720">
      <subfield code="a">Olea, Pedro P.</subfield>
      <subfield code="e">author</subfield>
   </datafield>
   <datafield ind2=" " ind1=" " tag="720">
      <subfield code="a">Fernández-García, María</subfield>
      <subfield code="e">author</subfield>
   </datafield>
   <datafield ind2=" " ind1=" " tag="720">
      <subfield code="a">López-Bao, José Vicente</subfield>
      <subfield code="e">author</subfield>
   </datafield>
   <datafield ind2=" " ind1=" " tag="720">
      <subfield code="a">Viñuela, Javier</subfield>
      <subfield code="e">author</subfield>
   </datafield>
   <datafield ind2=" " ind1=" " tag="720">
      <subfield code="a">Valente e Santos, Joâo Pedro</subfield>
      <subfield code="e">author</subfield>
   </datafield>
   <datafield ind2=" " ind1=" " tag="720">
      <subfield code="a">Rodríguez-Pérez, Jorge</subfield>
      <subfield code="e">author</subfield>
   </datafield>
   <datafield ind2=" " ind1=" " tag="720">
      <subfield code="a">Sotelo, Lourdes</subfield>
      <subfield code="e">author</subfield>
   </datafield>
   <datafield ind2=" " ind1=" " tag="720">
      <subfield code="a">Cortizo, Carlos</subfield>
      <subfield code="e">author</subfield>
   </datafield>
   <datafield ind2=" " ind1=" " tag="720">
      <subfield code="a">Sazatornil, Víctor</subfield>
      <subfield code="e">author</subfield>
   </datafield>
   <datafield ind2=" " ind1=" " tag="720">
      <subfield code="a">Planella Bosch, Anna</subfield>
      <subfield code="e">author</subfield>
   </datafield>
   <datafield ind2=" " ind1=" " tag="720">
      <subfield code="a">Gutiérrez, Iván</subfield>
      <subfield code="e">author</subfield>
   </datafield>
   <datafield ind2=" " ind1=" " tag="720">
      <subfield code="a">Pereira, Patrícia</subfield>
      <subfield code="e">author</subfield>
   </datafield>
   <datafield ind2=" " ind1=" " tag="720">
      <subfield code="a">Luna Aguilera, Salvador J.</subfield>
      <subfield code="e">author</subfield>
   </datafield>
   <datafield ind2=" " ind1=" " tag="720">
      <subfield code="a">Rivas, Óscar</subfield>
      <subfield code="e">author</subfield>
   </datafield>
   <datafield ind2=" " ind1=" " tag="720">
      <subfield code="a">Suárez, Elías</subfield>
      <subfield code="e">author</subfield>
   </datafield>
   <datafield ind2=" " ind1=" " tag="720">
      <subfield code="a">Lema, Francisco Javier</subfield>
      <subfield code="e">author</subfield>
   </datafield>
   <datafield ind2=" " ind1=" " tag="720">
      <subfield code="a">Del Rey, Manuel G.</subfield>
      <subfield code="e">author</subfield>
   </datafield>
   <datafield ind2=" " ind1=" " tag="720">
      <subfield code="a">Martínez-Delgado, Angélica</subfield>
      <subfield code="e">author</subfield>
   </datafield>
   <datafield ind2=" " ind1=" " tag="720">
      <subfield code="a">Mateo-Tomás, Patricia</subfield>
      <subfield code="e">author</subfield>
   </datafield>
   <datafield ind2=" " ind1=" " tag="260">
      <subfield code="c">2022-10-31T12:47:26Z</subfield>
   </datafield>
   <datafield ind2=" " ind1=" " tag="260">
      <subfield code="c">2022-10-31T12:47:26Z</subfield>
   </datafield>
   <datafield ind2=" " ind1=" " tag="260">
      <subfield code="c">2022</subfield>
   </datafield>
   <datafield ind2=" " ind1=" " tag="520">
      <subfield code="a">Illegal wildlife poisoning is a global threat for biodiversity, yet the magnitude of its impact on ecosystems is largely underestimated as most of poisoning episodes remain undetected. Here, we conducted a large-scale field experiment to better understand the real dimension of the illegal wildlife poisoning in terms of composition and number of species and abundance of impacted individuals, as well as the ecological factors driving it. We used camera traps to monitor simulated poison baits placed in 25 study areas in SW Europe and applied Good–Turing theory to estimate the richness of species of the entire assemblage (observed plus undetected). We recorded 3095 individuals from 39 vertebrate species that consumed 94 % of the baits (N = 590). Yet, using sample completeness to estimate the entire species assemblage yielded a total of 47 species exposed to illegal poisoning. The observed assemblage included different trophic and functional groups (from lizards and snakes to apex species among birds and mammals), as well as a 38 % of threatened and near threatened species (according to Spanish and Portuguese vertebrate red list and UICN list). The size (weight) of the bait outstands as a reliable predictor of the number of species (0–8 species/bait, mean = 2) and individuals (0–99 individuals/bait, mean = 5) susceptible to poisoning. The habitat where the bait was placed modulated the abundance of individuals affected (greater in open than in closed habitats). Type of bait and habitat drove the compositional variation of species. Our approach enables uncover entire species assemblages prone to illegal poisoning and their ecological drivers associated, advancing the understanding of the impact of wildlife poisoning in ecosystems.</subfield>
   </datafield>
   <datafield ind2=" " ind1=" " tag="520">
      <subfield code="a">This work was supported by the project TOXICO funding by “BBVA FOUNDATION GRANTS TO SCIENTIFIC RESEARCH TEAMS, CALL 2018”. WWF Spain and SEO/BirdLife provided access to the ANTíDOTO database of wildlife poisoning in Spain. The Ohio Wesleyan University supported with logistical material (5 camera-traps). JVLB was supported by the Spanish Ministry of Economy, Industry and Competitiveness (RYC-2015-18932; CGL2017-87528-R AEI/FEDER EU). JVLB and PMT were supported by a GRUPIN research grant from the Regional Government of Asturias (AYUD/2021/51314). In Portugal, this study was financed through the Sentinelas project funded by Fundo Ambiental – Minist´erio do Ambiente e da Aç˜ ao Clim´ atica. We are grateful to Instituto da Conservaçao ˜ da Natureza e das Florestas (ICNF), Principado de Asturias, Junta de Castilla y Leon, ´ Xunta de Galicia, Gobierno de Cantabria, Comunidad de Madrid, Junta de Andalucía, Picos de Europa National Park, Sierra de Guadarrama National Park, Cabaneros ˜ National Park and Monfragüe National Park for granted permissions.</subfield>
   </datafield>
   <datafield tag="653" ind2=" " ind1=" ">
      <subfield code="a">Baits</subfield>
   </datafield>
   <datafield tag="653" ind2=" " ind1=" ">
      <subfield code="a">Detectability</subfield>
   </datafield>
   <datafield tag="653" ind2=" " ind1=" ">
      <subfield code="a">Illegal human activities</subfield>
   </datafield>
   <datafield tag="653" ind2=" " ind1=" ">
      <subfield code="a">Scavengers</subfield>
   </datafield>
   <datafield tag="653" ind2=" " ind1=" ">
      <subfield code="a">Poaching</subfield>
   </datafield>
   <datafield tag="653" ind2=" " ind1=" ">
      <subfield code="a">Wildlife crime</subfield>
   </datafield>
   <datafield ind2="0" ind1="0" tag="245">
      <subfield code="a">Unraveling the real magnitude of illegal wildlife poisoning to halt cryptic biodiversity loss</subfield>
   </datafield>
</record></metadata></record></GetRecord></OAI-PMH>